000 00375cam a22001217a 4500
008 180718b1948 xxu||||| |||| 00| 0 eng d
082 _aT1053 H789
100 _aHorton, Byrne J., et. al.
245 _aDictionary of modern economics
_cby Byrne J. Horton et. al.
260 _aWashington, D.C.
_bPub. Affairs Press
_c1948
300 _a365p.
650 _aEconomics - Dictionaries
999 _c479723
_d479723